| 000 | 00000nam##2200000za#4500 |
| 001 | 9.697599 |
| 003 | CaOODSP |
| 005 | 20210624235543 |
| 007 | cr ||||||||||| |
| 008 | 150407|2013||||xxc|||||o f|0| 0 eng|d |
| 020 | |a978-1-100-22126-7 |
| 040 | |aCaOODSP|beng |
| 043 | |an-cn--- |
| 086 | 1 |aHS4-76/2013E-PDF |
| 110 | 1 |aCanada. |bHuman Resources and Skills Development Canada. |
| 245 | 10|aHuman Resources and Skills Development Canada - schedule of the Common Experience Payment Designated Amount Fund, September 30, 2012 (in thousands of dollars) / |h[electronic resource]|c[prepared by] PricewaterhouseCooper LLP. |
| 260 | |aOttawa - Ontario : |bHuman Resources and Skills Development Canada |c2013. |
| 300 | |a7p.|btables |
| 590 | |a15-03-Supp|b2015-03-13 |
| 775 | 08|tRessources humaines et Développement des compétences Canada - Tableau du fonds de la somme designée pour le paiement d'expérience commune, 30 septembre 2012 (en milliers de dollars) / |w(CaOODSP)9.641634 |
| 856 | 40|ahttp://publications.gc.ca|qPDF|s111 KB|uhttps://publications.gc.ca/collections/collection_2015/rhdcc-hrsdc/HS4-76-2013-eng.pdf |